000 00730nam a2200253Ia 4500
003 OSt
005 20220927105454.0
006 a|||||r|||| 00| 0
007 ta
008 220926b |||||||| |||| 00| 0 eng d
024 _a174647
037 _cReference Collections
040 _aRTL
_cRTL
_beng
041 _2eng
_aeng
082 _a"V2,32p.N90, N.150-17/GD"
110 _a"INDIA, RAJYA SABHA"
_9372731
245 0 _aRajya Sabha
_b Official report
260 _aNew
_bDelhi Rajya Sabha Secretariat
_c1990
300 _a474
_ccm.
490 _v"Vol 150, No 17"
700 _a"INDIA, RAJYA SABHA"
_9372732
942 _h"V2,32p.N90, N.150-17/GD"
_cCC
999 _c692694
_d692694